| 000 | 00454nam a2200181 a 4500 | ||
|---|---|---|---|
| 005 | 20240911064507.0 | ||
| 008 | 991125s1955 par 000 0 spa u | ||
| 035 | _aUPN01000007971 | ||
| 049 | _aCG | ||
| 050 | 4 |
_aH83 _bU5.2 |
|
| 110 | 2 | _aUNESCO | |
| 245 | 1 | 4 |
_aLas ciencias sociales / _cUNESCO. |
| 260 |
_aParĂs : _bUNESCO, _c1955. |
||
| 300 | _a71 p. | ||
| 440 | 3 |
_aLa UNESCO y su programa ; _v12 |
|
| 650 | 4 |
_aCiencias sociales _99133 |
|
| 905 | _aLibro | ||
| 999 |
_c7971 _d7971 |
||